Business : Connecting principles to practice

Connect Business includes three features to help students prep, study, and apply the text content more effectively. Interactive Presentations for each chapter help students prep for class and bring the text to life. LearnSmart adaptive self-study technology provides students with a seamless combinat...

Fuld beskrivelse

Đã lưu trong:
Bibliografiske detaljer
Hovedforfatter: Nickels, William G
Format: Bog
Sprog:Undetermined
Udgivet: New York McGraw Hill 2012
Fag:
Tags: Tilføj Tag
Ingen Tags, Vær først til at tagge denne postø!
Thư viện lưu trữ: Trung tâm Học liệu Trường Đại học Cần Thơ
LEADER 01247nam a2200217Ia 4500
001 CTU_210152
008 210402s9999 xx 000 0 und d
020 |c 15.86 
082 |a 658 
082 |b N588 
100 |a Nickels, William G 
245 0 |a Business : 
245 0 |b Connecting principles to practice 
245 0 |c William G. Nickels, James M. McHugh, Susan M.McHugh 
260 |a New York 
260 |b McGraw Hill 
260 |c 2012 
520 |a Connect Business includes three features to help students prep, study, and apply the text content more effectively. Interactive Presentations for each chapter help students prep for class and bring the text to life. LearnSmart adaptive self-study technology provides students with a seamless combination of practice, assessment, and remediation for every concept in the textbook. And Interactive Applications stimulate critical thinking, reinforce key concepts, and ask students to apply business concepts to real world scenarios will help engage students beyond simple reading and recall. 
650 |a Industrial management,Business,Quản lý công nghiệp,Doanh nhân 
904 |i Lê Thị Mỹ Linh (Tuyến) 
980 |a Trung tâm Học liệu Trường Đại học Cần Thơ